000 00591nam a22002057a 4500
003 OSt
005 20140310182918.0
008 130129t xxu||||| |||| 00| 0 eng d
020 _a9715060994
050 _aR724
_b.G633 1998
082 _aFIL 155.937
_bC76 1998
245 _aConscience, cooperation, compassion.
_cGomez,Fausto B., Tan-Galora,Angeles, Yu-Soliven,Anniela
260 _aManila :
_bUST Department of Bioethics,
_c1998.
300 _a218 p.:
_bill. ;
_c21 cm.
521 _aCollege
526 _c1210L-1700L
541 _j1
562 _e1
942 _2lcc
_cBK
_kFIL
999 _c17317
_d17317